Global environment : (Record no. 53842)

MARC details
000 -LEADER
fixed length control field 00507nam a2200169Ia 4500
005 - DATE AND TIME OF LATEST TRANSACTION
control field 20260430133744.0
008 - FIXED-LENGTH DATA ELEMENTS--GENERAL INFORMATION
fixed length control field 260429s9999||||xx |||||||||||||| ||und||
020 ## - INTERNATIONAL STANDARD BOOK NUMBER
International Standard Book Number 9780691136783
082 ## - DEWEY DECIMAL CLASSIFICATION NUMBER
Classification number 551.5
Item number BER
100 ## - MAIN ENTRY--PERSONAL NAME
Personal name Berner, Elizabeth Kay
245 #0 - TITLE STATEMENT
Title Global environment :
Remainder of title water, air, and geochemical cycles /
Statement of responsibility, etc Elizabeth Kay Berner
250 ## - EDITION STATEMENT
Edition statement 2nd ed.
260 ## - PUBLICATION, DISTRIBUTION, ETC. (IMPRINT)
Place of publication, distribution, etc New Jersey :
Name of publisher, distributor, etc Princeton University Press,
Date of publication, distribution, etc 2012.
300 ## - PHYSICAL DESCRIPTION
Extent xiv, 444 p.; hb
700 ## - ADDED ENTRY--PERSONAL NAME
Personal name Berner, Robert A.
942 ## - ADDED ENTRY ELEMENTS (KOHA)
Koha item type Coaching cell/ UGC NET Cell
Holdings
Withdrawn status Lost status Damaged status Not for loan Home library Location Shelving location Date of Cataloging Source of acquisition Total Checkouts Full call number Barcode Date last seen Price effective from Koha item type
        CUTN Central Library CUTN Central Library Sciences 30/04/2026 UGC NET cell books   551.5 BER 55491 30/04/2026 30/04/2026 Coaching cell/ UGC NET Cell